| 000 | 00548nam a22001577a 4500 | ||
|---|---|---|---|
| 008 | 160511b xxu||||| |||| 00| 0 eng d | ||
| 082 |
_22015 _aUT 0564 _bD54 |
||
| 100 |
_97866 _aRoble, Junrey. |
||
| 245 |
_aASEAN locator: trivia game about cities/ _cJunrey Roble, Lyndon James Diaz and Jonna Mee Tapuroc. |
||
| 260 |
_aDigos City: _bUMDC _cApril 2015. |
||
| 300 |
_a21 pages; _c29 cm. |
||
| 650 | 0 |
_97865 _aInformation Technology _xUndergraduate thesis. |
|
| 700 |
_97863 _aDiaz, Lyndon James. |
||
| 700 |
_97864 _aTapuroc, Jonna Mee. |
||
| 942 |
_2ddc _cUT |
||
| 999 |
_c2395 _d2395 |
||